000 00730nam a2200241Ia 4500
005 20260430150210.0
008 008 250103s9999 xx 000 0 eng d
037 _aTheses
040 _aCRL
040 _beng
040 _ceng
041 _2eng
041 _aeng
084 _qCRL
100 _aBabita Au.; Satsangi Ekta Bhushan Gu.
_91236765
245 3 _aAn assessment of body image, body shape concern and quality of life in urban and rural college girls
260 _c2022
300 _a170p.
650 _aSports
700 _aUniversity of Delhi. Faculty of Interdisciplinary & Applied Sciences . Department of Physical Education and Sports Sciences
_91236766
942 _cTH
999 _c1849193
_d1849193